| 000 | 00315cam a2200121ua 4500 | ||
|---|---|---|---|
| 020 | _a9789380604022 | ||
| 082 |
_a519.506 3 _bFIN/IN |
||
| 100 |
_aFinney, D J . _9887 |
||
| 245 | _aAn Introduction to Statistical Science in Agriculture / | ||
| 260 |
_aJodhpur _bAxis Books (India) _c2010 |
||
| 300 | _a179 | ||
| 942 | _cBK | ||
| 999 |
_c9131 _d9131 |
||